00716nam a2200241 a 450000100060000000300080000600500170001400800410003103500190007204000240009104100080011508200270012310000220015024500700017225000120024226000480025430000310030250400360033365000250036965000320039465000290042670000190045560875BD-RjUL20211209080907.0170104s1980 ii a b 001 0 eng  a(BD-RjUL)60999 aDLCcOClUdDLCbeng aeng a658.4034223bSAM 1980 aSatyanarayana, M.10aManagement operations research /cM. Satyanarayana, Lalitha Raman a1st ed. aBombay :bHimalaya Publishing house,c1980. ax, 419 p. :bill ;c22 cm. aInclude Bibliography and index. 0aOperations research. 0a Recherche operationnelle.  0aRecherche industrielle.  aRaman, Lalitha